Responses for Show #1877 - Tuesday, November 3, 1992

Tom Nosek game 1.

Contestants

[<< previous game]

Adele Ziminski, a freelance writer from New York City, New York

Tom Nosek, an aerospace engineer originally from Chicago, Illinois

Robin Nystrom, a director of marketing from Oak Park, Illinois (whose 1-day cash winnings total $11,901)

[next game >>]

Jeopardy! Round responses

AWARDS
MAINE
SAUCES
1776
THE COMICS
REMOVED
(Alex: We'll deal with things that are... [*]. Just like that.) [The category name de-revealed, but returned for gameplay.]
    $100 1
(Mr.) Blackwell

Tom
    $100 9
potatoes

Tom
    $100 12
cream

Robin
    $100 2
the Declaration of Independence

Tom
    $100 21
Peanuts

Tom
    $100 17
(Adele: What is Yom Kippur?)

Passover

RobinAdele
    $200 7
Magnum P.I.

Robin
    $200 22
(Tom: What is Ireland?)

Canada

RobinTom
    $200 13
soy sauce

Robin
    $200 3
the Delaware River

Tom
    $200 24
Dick Tracy

Robin
    $200 18
milk fat

Adele
    $300 8
(Robin: Who is Carnegie?)

(Alexander Graham) Bell

RobinAdele
    $300 28
Kennebunkport

Adele
    $300 14
anchovy

Robin
    $300 4
(Robin: What is Vermont?)
(Adele: What is New Hampshire?)

South Carolina

RobinAdele
Triple Stumper
    $300 25
Pogo

Adele
    $300 19
acne

Tom
    $400 10
The Graduate

Robin
    $400 29
Leif Ericson

Robin
    $400 15
tomato sauce

Robin
    $500 5
Phi Beta Kappa

Tom
    $400 26
Hagar the Horrible

Robin
    $400 20
shoes

Robin
    $500 11
George Benson

Triple Stumper
    $500 30
an island

Tom
    $500 16
watercress

Adele
    $500 6
(Adele: Who is Henry Hudson?)
...
(Alex: Who was saying [*]? Adele, were you saying that? That was your second choice? You should have said that the first time, because that is the correct response.)

Captain Cook

Adele
Triple Stumper
    $500 27
The Phantom

Robin
    $500 23
Elgin

Adele

Scores at the first commercial break (after clue 10):

Robin Tom Adele
$0 $1,000 -$500

Scores at the end of the Jeopardy! Round:

Robin Tom Adele
$3,200 $1,700 $1,200

Double Jeopardy! Round responses

ARCHITECTURE
OPERA
FOREIGN HOLIDAYS
FLOWERS
CHIEF JUSTICES
POETRY
    $200 15
New York

Tom
    $200 10
Aida

Robin
    $200 20
India

Robin
    $200 7
tulips

Robin
    $200 5
Burger

Tom
    $200 28
the tiger

Robin
    $400 16
Frank Lloyd Wright

Robin
    $400 4
Fidelio

Tom
    $400 21
Fourth of July

Tom
    $400 8
Dahlia

Tom
    $400 6
(Tom: Who is Jay?)

(John) Marshall

RobinTom
    $400 30
Walt Whitman

Adele
    $600 17
(Adele: What are Italian windows?)

French windows

Adele
Triple Stumper
    $600 3
Rigoletto

Adele
    $600 22
Boxing Day

Adele
    $600 11
roses

Robin
    $600 9
Taft

Adele
    $600 26
Mandalay

Robin
    $800 18
(Robin: What is Vienna?)

Rome

Robin
Triple Stumper
    $800 2
Pagliacci

Adele
    $800 23
Korea

Robin
    $800 12
black-eyed Susan

Tom
    $800 13
(William) Rehnquist

Tom
    $800 27
(William Butler) Yeats

Tom
    $1000 25
a flying buttress (or a buttress)

Adele
    $1000 1
Cosi Fan Tutte

Adele
    $1000 24
Ataturk

Tom
    $1000 19
the chrysanthemum

Robin
    $2,500 14
Earl Warren

Tom
    $2,000 29
(Robin: What is "Stopping by a Road on a Snowy Evening"?)

“Mending Wall”

Robin

Scores at the end of the Double Jeopardy! Round:

Robin Tom Adele
$5,000 $8,800 $5,600

[wagering suggestions for these scores]

Final Jeopardy! Round responses

AMERICAN HISTORY
(Alex: Shortly after he lost his arm and died, Lee said, "I have lost my right arm" for the Confederacy.)
RobinWho is Stonewall Jackson
$0
AdeleWho was Stonewall Jackson?
$5,600
TomWho is Stonewall Jackson
$2,500
Stonewall Jackson

Final scores:

Robin Tom Adele
$5,000 $11,300 $11,200
3rd place: Gruen Curvex watches New champion: $11,300 2nd place: a trip to Colony ski retreat in Denver

Game dynamics:

Coryat scores:

Robin Tom Adele
$7,000 $7,200 $5,600
23 R,
4 W
(including 1 DD)
18 R
(including 2 DDs),
2 W
13 R,
4 W

Combined Coryat: $19,800

[game clues] [game scores] [suggest correction]

Game tape date: 1992-08-18
The J! Archive is created by fans, for fans. Scraping, republication, monetization, and malicious use prohibited; this site may use cookies and collect identifying information. See terms. The Jeopardy! game show and all elements thereof, including but not limited to copyright and trademark thereto, are the property of Jeopardy Productions, Inc. and are protected under law. This website is not affiliated with, sponsored by, or operated by Jeopardy Productions, Inc. Join the discussion at JBoard.tv.